000 00359nam a22001337a 4500
999 _c17602
_d17602
008 190405b xxu||||| |||| 00| 0 eng d
020 _a9966364420
050 _aHV801 .N33 2009 c.1
100 _aNdani, Mary
245 _aChildren in need of special protection
_cMary Ndani
260 _aNairobi
_bLonghorn
_c2009
300 _ax, 147p.
942 _2lcc
_cBK